| 000 | 00769cam a2200205 4500 | ||
|---|---|---|---|
| 005 | 20220331084158.0 | ||
| 008 | s1977 mx a spa | ||
| 050 | 0 | 0 |
_aHB853.M4 _bC66 1977 |
| 100 | 1 | _aCook, Sherburne F. | |
| 245 | 1 | 0 |
_aEnsayos sobre historia de la población : _bMéxico y el Caribe / _cpor Sherburne F. Cook y Woodrow Borah. |
| 260 |
_aMéxico : _bSiglo Veintiuno, _c1977 |
||
| 300 |
_a t. ; _c21 cm. |
||
| 490 | _aAmérica nuestra | ||
| 504 | _aBibliografia: p. 405-419 | ||
| 505 | 1 |
_aContenido : _gT.1. _tMéxico y el Caribe _gT.2. _tMéxico y el Caribe _gT.3. _tMéxico y California |
|
| 651 | 7 |
_2Lemb _aMéxico _xPoblación _xHistoria |
|
| 651 | 7 |
_2Lemb _aCaribe _xPoblación _xHistoria |
|
| 700 | 1 |
_aBorah, Woodrow, _ecoaut. |
|
| 942 |
_2lcc _cLIB |
||
| 999 |
_c94443 _d94443 |
||